Born in Blackpool - Statistics

General Stats
  • This quiz has been taken 24 times
    12 since last reset
  • The average score is 6 of 11
Answer Stats
Hint Answer % Correct
First wife of John Lennon 1939 Cynthia Lennon
89%
Lead singer of The Cure 1959 Robert Smith
78%
Singer and co-founder of the Pet Shop Boys 1959 Chris Lowe
56%
British-Canadian biochemist and winner of the Nobel Prize in Chemistry 1932 Michael Smith
56%
Actor, "Harry Potter" "Wonder Woman" "The Boy in the Striped Pyjamas" 1963 David Thewlis
44%
Actress, "Victoria" "Doctor Who" "The Cry" 1986 Jenna Coleman
44%
Actor, known for his role as Martin Crane in "Frasier" 1940 John Mahoney
44%
Singer, "New in Town" "Remedy" 1984 Little Boots
44%
Singer, musician ans of "The Hollies" 1942 Graham Nash
33%
Guitarist, keyboardist and vocalist of Franz Ferdinand 1974 Nick McCarthy
33%
Co-founder of Jaguar 1901 William Lyons
33%
No matching quizzes found
Score Distribution
Percent of People with Each Score
Percentile by Number Answered
Your Score History
You have not taken this quiz since the last reset